[Event "World School-ch U15 Girls"]
[Site "Sochi"]
[Date "2016.12.10"]
[Round "8"]
[White "De Silva, Tenara"]
[Black "Vithanage, Sandaruwi M"]
[Result "1-0"]
[WhiteElo "1557"]
[BlackElo "1632"]
[PlyCount "155"]
[EventDate "2016.12.03"]
[EventType "swiss"]
[EventRounds "9"]
[EventCountry "RUS"]
[SourceTitle "EXT 2018"]
[Source "ChessBase"]
[SourceDate "2017.10.13"]
[SourceVersion "1"]
[SourceVersionDate "2017.10.13"]
[SourceQuality "1"]

1. e4 c5 2. Nf3 d6 3. d4 cxd4 4. Nxd4 Nf6 5. f3 g6 6. c4 Bg7 7. Nc3 Nc6 8. Be3 a6 9. Qd2 0-0 10. Be2 Qc7 11. 0-0 Be6 12. b3 Rac8 13. Rac1 Qa5 14. Nxc6 bxc6 15. Nd5 Qxd2 16. Nxe7+ Kh8 17. Bxd2 Rc7 18. Bf4 Ne8 19. c5 Rxe7 20. cxd6 Rd7 21. Rxc6 a5 22. Bb5 Rb7 23. Ba6 Bd4+ 24. Kh1 Rb6 25. Rxb6 Bxb6 26. Rc1 Bd7 27. a4 Ng7 28. Bc4 Ne6 29. Bg3 Rc8 30. Rd1 f6 31. f4 Kg7 32. e5 f5 33. h3 Be3 34. Bh4 Bxf4 35. Bxe6 Bxe6 36. d7 Bxd7 37. Rxd7+ Kg8 38. Rd8+ Rxd8 39. Bxd8 Bd2 40. e6 Kf8 41. Kg1 Ke8 42. Bf6 Bb4 43. Kf2 Be7 44. Bd4 Bb4 45. Bf6 Be7 46. Bc3 Bd8 47. b4 Ke7 48. bxa5 Kxe6 49. Kf3 Kd5 50. a6 Bb6 51. Kf4 Kc4 52. a5 Ba7 53. Be1 Kb5 54. Kg5 Be3+ 55. Kf6 Bd4+ 56. Kf7 Kxa6 57. Kg8 Be3 58. Kxh7 g5 59. Kg6 f4 60. Kf5 Kb5 61. Bc3 Bc1 62. Bf6 Kxa5 63. Bxg5 f3 64. gxf3 Bb2 65. h4 Kb5 66. h5 Bg7 67. h6 Bxh6 68. Bxh6 Kc6 69. Ke6 Kc7 70. f4 Kd8 71. f5 Ke8 72. f6 Kd8 73. f7 Kc7 74. f8Q Kc6 75. Qc8+ Kb5 76. Kd5 Ka4 77. Qb7 Ka3 78. Bc1+ 1-0

[Event "World School-ch U15 Girls"]
[Site "Sochi"]
[Date "2016.12.06"]
[Round "4"]
[White "Vithanage, Sandaruwi M"]
[Black "Citak, Tuana Umay"]
[Result "0-1"]
[WhiteElo "1632"]
[BlackElo "1469"]
[PlyCount "148"]
[EventDate "2016.12.03"]
[EventType "swiss"]
[EventRounds "9"]
[EventCountry "RUS"]
[SourceTitle "EXT 2018"]
[Source "ChessBase"]
[SourceDate "2017.10.13"]
[SourceVersion "1"]
[SourceVersionDate "2017.10.13"]
[SourceQuality "1"]

1. e4 c5 2. Nf3 d6 3. d4 cxd4 4. Nxd4 Nf6 5. Nc3 g6 6. Be2 Bg7 7. Be3 a6 8. 0-0 0-0 9. Qd2 b5 10. a3 Bb7 11. Bf3 Qc7 12. Rad1 Nbd7 13. Bh6 Ne5 14. Bxg7 Kxg7 15. Nd5 Nxd5 16. exd5 Rac8 17. Be4 Nc4 18. Nf5+ Kh8 19. Qh6 Rg8 20. Rd3 gxf5 21. Bxf5 Rg6 22. Bxg6 fxg6 23. Rh3 e5 24. dxe6 Qg7 25. Qg5 Re8 26. Re1 Bc8 27. g4 Bxe6 28. b3 Nxa3 29. Rhe3 Qf7 30. Rxe6 Rxe6 31. Qd8+ Kg7 32. Rxe6 Qxe6 33. Qc7+ Kf6 34. Qd8+ Qe7 35. Qa5 d5 36. Qxa6+ Kf7 37. Qa5 Nxc2 38. Qxb5 Qe1+ 39. Kg2 Qe4+ 40. Kg3 Qe5+ 41. Kg2 Ne1+ 42. Kf1 Nf3 43. Qd7+ Kg8 44. Qd8+ Kg7 45. Qd7+ Kh6 46. Kg2 Nh4+ 47. Kf1 Qa1+ 48. Ke2 Qb2+ 49. Ke3 Qxb3+ 50. Kd4 Nf3+ 51. Kc5 Qc4+ 52. Kb6 d4 53. Qe7 Qb3+ 54. Kc6 Qc4+ 55. Kb6 Qd5 56. h4 Qb3+ 57. Kc6 Qb8 58. g5+ Kh5 59. Qxh7+ Kg4 60. h5 Qe8+ 61. Kc5 Nxg5 62. Qb7 Qe5+ 63. Kc4 gxh5 64. Qg2+ Kf5 65. f3 Qf4 66. Qc2+ Kf6 67. Qb2 Nxf3 68. Qb6+ Kg5 69. Qc5+ Ne5+ 70. Qxe5+ Qxe5 71. Kd3 Qe3+ 72. Kc4 d3 73. Kc3 d2+ 74. Kc2 Qe1 0-1

[Event "World School-ch U15 Girls"]
[Site "Sochi"]
[Date "2016.12.05"]
[Round "3"]
[White "Sakorenko, Adriana"]
[Black "Vithanage, Sandaruwi M"]
[Result "1-0"]
[WhiteElo "2014"]
[BlackElo "1632"]
[PlyCount "89"]
[EventDate "2016.12.03"]
[EventType "swiss"]
[EventRounds "9"]
[EventCountry "RUS"]
[SourceTitle "EXT 2018"]
[Source "ChessBase"]
[SourceDate "2017.10.13"]
[SourceVersion "1"]
[SourceVersionDate "2017.10.13"]
[SourceQuality "1"]

1. e4 c5 2. Nf3 d6 3. c3 Nc6 4. d4 cxd4 5. cxd4 Nf6 6. Nc3 g6 7. Bd3 Bg7 8. 0-0 0-0 9. h3 a6 10. Be3 Nb4 11. Bb1 Bd7 12. Qd2 Nc6 13. Bd3 b5 14. Rac1 Qa5 15. Bb1 b4 16. Ne2 d5 17. Rc5 Qb6 18. e5 Ne4 19. Bxe4 dxe4 20. Ng5 Rfd8 21. Rfc1 Rac8 22. d5 Qb7 23. dxc6 Bxc6 24. Rxc6 Rxd2 25. Rxc8+ Bf8 26. Bxd2 h6 27. Nh7 Kxh7 28. Rxf8 Qd5 29. Rcc8 g5 30. g4 Qxe5 31. Rh8+ Qxh8 32. Rxh8+ Kxh8 33. Bxb4 e6 34. Ng3 Kg7 35. Nxe4 f5 36. Nc5 fxg4 37. hxg4 Kf6 38. Bc3+ e5 39. Nd7+ Ke6 40. Nxe5 a5 41. a4 Kd5 42. Nf7 Kc4 43. Nxh6 Kb3 44. Bxa5 Kxa4 45. b4 1-0

[Event "World School-ch U15 Girls"]
[Site "Sochi"]
[Date "2016.12.03"]
[Round "1"]
[White "Chernyak, Anna"]
[Black "Vithanage, Sandaruwi M"]
[Result "0-1"]
[WhiteElo "1437"]
[BlackElo "1632"]
[PlyCount "116"]
[EventDate "2016.12.03"]
[EventType "swiss"]
[EventRounds "9"]
[EventCountry "RUS"]
[SourceTitle "EXT 2018"]
[Source "ChessBase"]
[SourceDate "2017.10.13"]
[SourceVersion "1"]
[SourceVersionDate "2017.10.13"]
[SourceQuality "1"]

1. d4 d5 2. Nf3 Nf6 3. c4 e6 4. Bg5 Be7 5. Nc3 c6 6. cxd5 exd5 7. e3 0-0 8. Bd3 h6 9. Bh4 Nbd7 10. 0-0 Re8 11. Qc2 b6 12. a3 Bb7 13. b4 a5 14. Rab1 axb4 15. axb4 Qc7 16. Bg3 Bd6 17. Rfc1 Bxg3 18. hxg3 Qd6 19. Bf5 Ra3 20. g4 Nf8 21. g5 hxg5 22. Nxg5 g6 23. Bd3 Kg7 24. Nf3 Ne6 25. Rb3 Rxb3 26. Qxb3 Ng4 27. g3 Nxe3 28. Re1 Ng4 29. Qb1 Rh8 30. Bf1 Nxd4 31. Nxd4 Qf6 32. Qc2 Qxd4 33. Bg2 Qxb4 34. Qd2 d4 35. Ne4 Qxd2 36. Nxd2 Ra8 37. Nc4 Ra6 38. Rb1 b5 39. Nd6 Ba8 40. Nxb5 cxb5 41. Bxa8 Rxa8 42. Rxb5 Ra1+ 43. Kg2 d3 44. Rd5 Rd1 45. Kf3 Nf6 46. Rd4 g5 47. Ke3 Kg6 48. f3 d2 49. g4 Ra1 50. Kxd2 Ra2+ 51. Ke3 Ra3+ 52. Ke2 Ra5 53. Rd6 Re5+ 54. Kf2 Re6 55. Rd4 Ne8 56. Rd5 Nd6 57. Rd4 f5 58. gxf5+ Nxf5 0-1

[Event "SRI-chB (Women)"]
[Site "Colombo"]
[Date "2016.03.19"]
[Round "6"]
[White "Dissanayake, RK Janani"]
[Black "Vithanage, Sandaruwi M"]
[Result "1-0"]
[WhiteElo "1303"]
[BlackElo "1479"]
[PlyCount "117"]
[EventDate "2016.03.12"]
[EventType "swiss"]
[EventRounds "10"]
[EventCountry "SRI"]
[SourceTitle "CBM 171 Extra"]
[Source "ChessBase"]
[SourceDate "2016.04.26"]
[SourceVersion "1"]
[SourceVersionDate "2016.04.26"]
[SourceQuality "1"]

1. e4 d5 2. exd5 Qxd5 3. Nc3 Qa5 4. d4 Nf6 5. Bd3 c6 6. Bd2 Qc7 7. Nf3 Bg4 8. 0-0 e6 9. h3 Bh5 10. Re1 Bd6 11. Ne4 Bf4 12. c4 Nbd7 13. Rc1 0-0-0 14. Nxf6 Nxf6 15. g4 Bg6 16. Rc3 Bxd3 17. Rxd3 g5 18. Nxg5 Bxd2 19. Qxd2 Rdg8 20. Rf3 Rg6 21. d5 h6 22. d6 Qd7 23. Ne4 Nxe4 24. Rxe4 f5 25. Qd4 Rhg8 26. Ref4 h5 27. Rg3 hxg4 28. hxg4 Rxg4 29. Rfxg4 Rxg4 30. Qh8+ Qd8 31. Qxd8+ Kxd8 32. Rxg4 fxg4 33. c5 a5 34. a4 Kd7 35. Kg2 b6 36. cxb6 Kxd6 37. Kg3 c5 38. Kxg4 Kc6 39. Kf4 Kxb6 40. Ke5 Kc6 41. Kxe6 c4 42. f4 Kc5 43. f5 Kb4 44. f6 Kxa4 45. f7 Kb3 46. f8Q Kxb2 47. Qc5 c3 48. Qxa5 c2 49. Qb4+ Kc1 50. Kd5 Kd1 51. Qd4+ Ke2 52. Qc3 Kd1 53. Qd3+ Kc1 54. Kc4 Kb2 55. Qc3+ Kb1 56. Kb3 c1Q 57. Qd3+ Ka1 58. Qa6+ Kb1 59. Qa2# 1-0